000 00883nam a2200205Ia 4500
003 OSt
005 20241113104344.0
007 ca aa aaaaa
008 201103s9999 xx 000 0 und d
040 _cSSBUL
041 _abur
082 _223
_a၂၉၄.၃၄၄၃၅ ဝိ
_b ၉၁၅၁ S-SAT
100 0 _aဝိမလာစာရမဟာထေရ်၊ ဘဒ္ဒန္တ၊ ဆရာတော်-
_917332
245 1 0 _aဘာဝနာနယဒီပကကျမ်း /
_cဆရာတော်ဘဒ္ဒန္ဝိမလာစာရမဟာထေရ်။
260 _aရန်ကုန် ၊
_bတင်တင်အေးပိဋကတ်စာပေ၊
_c၁၉၉၀။
300 _aဠ၊ ၃၂၀ စာမျက်နှာ ၊
_c၂၅ စင်တီ။
500 _aS-SAT: Dr. Sai Aung Tun
650 _aဝိပဿနာ
942 _2ddc
_cBK1
999 _c16717
_d16717